Five Nights at Freddy's Knowledge Quiz! - Statistics

General Stats
  • This quiz has been taken 344 times
  • The average score is 9 of 15
Answer Stats
Question Answer % Correct
Who is the main villian of FNaF? William Afton
99%
What is the name of the room in Sister Location that Micheal Afton died in? Scooping room
90%
How many kids are in the Afton family? 3
89%
Who killed Charlotte Emily? William Afton
88%
Who did the Bite of '83? Fredbear
87%
Why did Henry Emily create Freddy Fazbear's Pizza Place? To capture all the animatronics and burn them
78%
Why did Scott Cawthon make FNaF? He got a bad review on a different game
67%
Where does the whole story of FNaF take place? Utah
58%
Who's voice line is this? "Time to FACE the consequences of your failure." Withered Bonnie
56%
How many endings are there in Sister Location? 3
48%
What does Rockstar Foxy say before jumpscaring you in Pizzeria Simulator? Yarr! Ye win some, ye lose some
48%
And finally... Which animatronic is fake? Soda Clown
37%
Which one is a real animatronic? Nightmare Endo
30%
At what age did Charlie die in the games? 3
12%
How many FNaF books are there? 48
9%
No matching quizzes found
Score Distribution
Percent of People with Each Score
Percentile by Number Answered
Your Score History
You have not taken this quiz